000 01170nam2a22002531 4500
001 RU\NLR\INFOCOMM29\5000041915
005 20250617024154.0
035 _a(NLR Aleph) 002386672
090 _a4617911
_c4617911
100 _a20041217d1884 |||y0rusy50 ca
101 0 _arus
102 _aRU
105 _ay ||||000|y
200 0 _a[Г.23] 1884, Т.3, №6
210 _d1884
_aБ. м.
421 0 _12001#$aМатериалы для историко-статистического описания Тульской епархии$vТ.1
_1210##$aТула$d1884
_1309##$aПриплетено к журн. 1884, №24
_tМатериалы для историко-статистического описания Тульской епархии
461 0 _1001RU\NLR\INFOCOMM29\5000041346
_12001#$aТульские епархиальные ведомости$v[Г.23] 1884, Т.3, №6
_94617730
_cТула
_d1862-1928, 2003-2010
_tТульские епархиальные ведомости
_v[Г.23] 1884, Т.3, №6
801 1 _aRU
_bInfoComm
_c20041217
801 0 _aRU
_bNLR
_gPSBO
852 _aNLR
_j5/60
942 _cISSUE
980 _aNB
980 _aRUSPER